Wigan Warriors 2025 Squad - Statistics

General Stats
  • This quiz has been taken 22 times
  • The average score is 19 of 33
Answer Stats
Squad Number Answer % Correct
7 Harry Smith
100%
6 Bevan French
93%
1 Jai Field
93%
12 Liam Farrell
93%
5 Liam Marshall
93%
2 Abbas Miski
87%
3 Adam Keighran
87%
4 Jake Wardle
87%
8 Ethan Havard
80%
11 Junior Nsemba
80%
16 Liam Byrne
80%
15 Patrick Mago
80%
9 Brad O'Neill
73%
24 Jack Farrimond
73%
13 Kaide Ellis
73%
17 Kruise Leeming
73%
21 Sam Walters
67%
22 Zach Eckersley
67%
20 Harvie Hill
60%
10 Luke Thompson
60%
19 Tyler Dupree
60%
23 Tom Forber
40%
14 Willie Isa
40%
27 Harvey Makin
33%
29 Taylor Kerr
33%
26 Jacob Douglas
27%
25 Sam Eseh
27%
32 Noah Hodkinson
20%
33 Kian McDermott
7%
30 Nathan Lowe
7%
28 Tiaki Chan
7%
34 George Hirst
0%
31 Lukas Mason
0%
No matching quizzes found
Score Distribution
Percent of People with Each Score
Percentile by Number Answered
Your Score History
You have not taken this quiz